000
00353nam a2200157Ia 4500
003
0STCL
008
150530s9999 xx 000 0 und d
040
_a
STCL
_c
STCL
100
_a
Morley
245
_a
Critical miscellanies vol-III
260
_b
Macmillan
_c
1909
546
_a
English
942
_2
ddc
_c
BK
999
_c
60800
_d
60800
005
20220125171141.0